书目信息 |
| 题名: |
河北省玉田县耕地地力评价与利用
|
|
| 作者: | 刘建玲 , 冯耀阳 主编 | |
| 分册: | ||
| 出版信息: | 北京 知识产权出版社 2012 |
|
| 页数: | 257页 | |
| 开本: | 26cm | |
| 丛书名: | 河北省耕地地力评价与利用丛书 | |
| 单 册: | ||
| 中图分类: | S159.222.4 , S158 | |
| 科图分类: | ||
| 主题词: | 耕作土壤--土壤肥力--土壤调查--玉田县 , 耕作土壤--土壤肥力--评价--玉田县 , 耕作土壤 , 土壤肥力 , 土壤调查 | |
| 电子资源: | ||
| ISBN: | 978-7-5130-1390-1 | |
| 000 | 01163nam0 2200325 450 | |
| 001 | 006435567 | |
| 005 | 20130609084211.81 | |
| 010 | @a978-7-5130-1390-1@dCNY68.00 | |
| 035 | @a006435567 | |
| 100 | @a20130115d2012 em y0chiy0110 ea | |
| 101 | 0 | @achi |
| 102 | @aCN@b110000 | |
| 105 | @aak z 000yy | |
| 106 | @ar | |
| 200 | 1 | @a河北省玉田县耕地地力评价与利用@9he bei sheng yu tian xian geng di di li ping jia yu li yong@f刘建玲,冯耀阳主编 |
| 210 | @a北京@c知识产权出版社@d2012 | |
| 215 | @a257页@c图@d26cm | |
| 225 | 1 | @a河北省耕地地力评价与利用丛书 |
| 330 | @a本书共九章,主要包括玉田县自然与农业生产概况、耕地地力评价的内容和方法、耕地立地条件与农田基础设施、耕地土壤属性、耕地地力评价、中低产田类型及改良利用、耕地资源合理配置与种植业布局、耕地地力与配方施肥等内容。 | |
| 606 | 0 | @a耕作土壤@x土壤肥力@x土壤调查@y玉田县 |
| 606 | 0 | @a耕作土壤@x土壤肥力@x评价@y玉田县 |
| 606 | 0 | @a耕作土壤 |
| 606 | 0 | @a土壤肥力 |
| 606 | 0 | @a土壤调查 |
| 690 | @aS159.222.4@v5 | |
| 690 | @aS158@v5 | |
| 701 | 0 | @a刘建玲@9liu jian ling@c(土地学)@4主编 |
| 701 | 0 | @a冯耀阳@9feng yao yang@4主编 |
| 801 | 0 | @aCN@bNLC@c20130502 |
| 905 | @dS159.222.4@e75 | |
| 河北省玉田县耕地地力评价与利用/刘建玲,冯耀阳主编.-北京:知识产权出版社,2012 |
| 257页:图;26cm.-(河北省耕地地力评价与利用丛书) |
| ISBN 978-7-5130-1390-1:CNY68.00 |
| 本书共九章,主要包括玉田县自然与农业生产概况、耕地地力评价的内容和方法、耕地立地条件与农田基础设施、耕地土壤属性、耕地地力评价、中低产田类型及改良利用、耕地资源合理配置与种植业布局、耕地地力与配方施肥等内容。 |
| ● |
| 相关链接 |
|
|
|
|
正题名:河北省玉田县耕地地力评价与利用
索取号:S159.222.4/75
 
预约/预借
| 序号 | 登录号 | 条形码 | 馆藏地/架位号 | 状态 | 备注 |
| 1 | 0545136 | 205451367 | 第二样本阅览室/ [索取号:S159.222.4/75] | 在馆 | |
| 2 | 0545137 | 205451376 | 第三借阅区/ [索取号:S159.222.4/75] | 在馆 | |
| 3 | 0545138 | 205451385 | 第三借阅区/ [索取号:S159.222.4/75] | 在馆 | |
| 4 | 0545139 | 205451394 | 第三借阅区/ [索取号:S159.222.4/75] | 在馆 | |
| 5 | 0545140 | 205451401 | 第三借阅区/ [索取号:S159.222.4/75] | 在馆 |